000 01610nac a22003017a 4500
003 Co-PeBPM
005 20240507202616.0
007 ta
008 240507s2016 ck ||||| |||| 00| 0 spa d
020 _a9789584689900
040 _aCo-PeBPM
_bspa
_cCo-PeBPM
_erda
041 _aspa
082 0 4 _aCo863 S486s
_222
100 1 _aSerna Arango, Julián
_d1953- ,
_eautor
245 1 0 _aSólo lo efímero es real
_c/ Julián Serna Arango
250 1 _aPrimera edición
260 _aMéxico
_b: Ediciones Sin Nombre,
_c2016
300 _a145 páginas
_c21 centímetros
490 _aLos Libros de la Oruga
500 _aIncluye índice
500 _aContiene datos biográficos del autor en la solapa del texto
520 _aEl autor busca en este libro un ejercicio de síntesis literaria de ideas, conceptos y reflexiones que ha manejado en otros libros, justamente para liberarlos de su condición de tesis filosóficas. No es poco riesgo, pues al realizar el proceso de traslado se pueden ver transformados en formulaciones vacías, solo sostenidas en la solemnidad de su enunciación. Pero el autor consigue superar esa dificultad al construir verdaderas piezas literario-conceptuales, que desbloquean el sentido cerrado del sistema reflexivo. A diferencia del uso genérico del aforismo en libros anteriores, en éste procede de forma diferente: la paradoja se transforma en narración al margen de la historia principal.
650 1 _aCuentos colombianos
_2Lemb
650 1 _aCuentos amorosos
_2Lemb
650 1 _aFilosofía
_2Lemb
_vCuentos
650 1 _aTiempo
_2Lemb
_vPoesías
942 _2ddc
_cBK
_n0
999 _c26827
_d26827